LIBRARY & INFORMATION CENTRE, KCAET, TAVANUR

ONLINE PUBLIC ACCESS CATALOGUE (OPAC)

Rasagangadhar / (Record no. 3696)

MARC details
000 -LEADER
fixed length control field 00470cam a2200193ua 4500
041 ## - LANGUAGE CODE
Language code of text/sound track or separate title hin
082 ## - DEWEY DECIMAL CLASSIFICATION NUMBER
Classification number 891.54
Item number BAD/RA
100 ## - MAIN ENTRY--AUTHOR NAME
Personal name Badarinath , Jha .
245 ## - TITLE STATEMENT
Title Rasagangadhar /
250 ## - EDITION STATEMENT
Edition statement 2 /
260 ## - PUBLICATION, DISTRIBUTION, ETC. (IMPRINT)
Place of publication :
Name of publisher Chowkhamba Vidya Bhawan ,
Year of publication 1964.
300 ## - PHYSICAL DESCRIPTION
Number of Pages 406 ; .
700 1# - ADDED ENTRY--PERSONAL NAME
Personal name Madan Mohan, Jha .
942 ## - ADDED ENTRY ELEMENTS (KOHA)
Koha item type Books
Holdings
Withdrawn status Lost status Damaged status Home library Current library Date acquired Full call number Accession Number Koha item type
Withdrawn   Damaged KAUAET KAUAET 07/04/2012 891.54 12564 Books
free website counter